Words Ending in -IA - Statistics

General Stats
  • This quiz has been taken 91 times
    90 since last reset
  • The average score is 16 of 23
Answer Stats
Hint Answer % Correct
An organized international body of criminals, operating originally in Sicily M Mafia
91%
Spanish word for Mary M Maria
86%
A set of books giving information on many subjects and typically arranged alphabetically E Encyclopedia
85%
An imagined place or state of things in which everything is perfect U Utopia
85%
The inner, larger of the two bones between the knee and the ankle T Tibia
84%
A deficiency of red blood cells or iron in the blood A Anemia
80%
An extreme or irrational fear of or aversion to something P Phobia
80%
A mental condition characterized by delusions of persecution P Paranoia
76%
Pieces of information of little importance or value T Trivia
76%
A colorless gas with a characteristic pungent smell (NH3) A Ammonia
75%
A feeling or state of intense excitement and happiness E Euphoria
74%
An eating disorder characterized by bingeing and purging B Bulimia
73%
Cancer of the bone marrow and other blood-forming organs L Leukemia
73%
Nearsightedness M Myopia
68%
An imagined post-apocalyptic society in which there is great suffering D Dystopia
66%
Mental illness marked by periods of great excitement, delusions, and overactivity M Mania
66%
A vibrant, intense shade of pink F Fuchsia
63%
A condition in which part of an organ protrudes through the wall of the cavity containing it H Hernia
63%
A medical condition in which the ability of the blood to clot is severely reduced H Hemophilia
60%
Exaggerated or uncontrollable emotion or excitement H Hysteria
60%
A long accompanied song for a solo voice, typically one in an opera A Aria
55%
A flat Italian bread made with yeast and olive oil and flavored with herbs F Focaccia
43%
Another word for rabies H Hydrophobia
41%
No matching quizzes found
Score Distribution
Percent of People with Each Score
Percentile by Number Answered
Your Score History
You have not taken this quiz since the last reset